000 01011cam a22003377a 4500
003 CHAP
005 20220817043135.0
008 000307d1987 it a r 00010 eng d
010 _a66674
011 _a67646
035 _a77117
040 _cCHAP
082 _a658.312404
_bF3 v.13
110 _aFAO
245 0 _aPurse - seining with small boats
_c/by M. Ben-Yami
260 _aRome :
_bFAO,
_c1987
300 _a97 p.
_b: ilus.
410 _aFAO
490 0 _aCapacitación
_v; 13
590 _aBATCH-UPD
_b10
_c20130110
_lUCH01
_h1714
590 _aCONVERSION
_b10
_c20130109
_lUCH01
_h1337
650 1 4 _aPesca
_xEmbarcaciones.
_987376
650 1 4 _aRedes de pesca.
_995383
700 0 _aBem-Yami, M.
_911490
810 0 _aFAO
830 0 _aCapacitación
_v; 13
_918691
901 _aBK
942 _cLIBRO
949 _a658.3124040 F3 v.13
_bBC
_cFAO
_d33724000747580
_eFAO1
_h72558
_i77117
_kDonaciØn
_sb
949 _a658.3124040 F3 v.13
_bBC
_cFAO
_d33724000747598
_eFAO2
_fc.2
_h96816
_i77117
_kDonaciØn
_si
999 _c66674
_d66674